000 01382cam a22003371 4500
001 gs 66000260
003 DLC
005 20260227111419.0
008 771003s1966 dcuab b f000 0 eng
010 _ags 66000260
035 _a(OCoLC)3314760
040 _aDLC
_cAzU
_dISS
_dOCoLC
_dDLC
042 _apremarc
050 0 0 _aQE75
_b.P9 no. 518
086 0 _aI 19.16:518/
100 1 _aFeth, J. H.
_q(John Henry),
_d1913-
245 1 0 _aLake Bonneville:
_bGeology and hydrology of the Weber Delta district, including Ogden, Utah,
_cby J.H. Feth [and others].
260 _aWashington,
_bU.S. Govt. Print. Off.,
_c1966.
300 _avii, 76 p.
_billus., maps (3 col.)
_c29 cm.
490 1 _aGeological Survey professional paper 518
500 _aText and folded illustrative matter in portfolio.
500 _a"Prepared cooperatively by the U.S. Geological Survey and the U.S. Bureau of Reclamation with the cooperation of the Utah State Engineer."
504 _aBibliography: p. 72-74.
650 0 _aGeology
_zUtah
_zWeber Delta district.
650 0 _aGroundwater
_zUtah
_zWeber Delta district.
650 0 _aWater-supply
_zUtah
_zWeber Delta district.
650 0 _aWater
_xAnalysis.
710 1 _aUnited States.
_bBureau of Reclamation.
740 0 _aGeology and hydrology of the Weber Delta district.
810 2 _aGeological Survey (U.S.).
_tProfessional paper ;
_v518.
999 _c30247
_d30247